आदमी और बूट / (Record no. 12823)

MARC details
000 -LEADER
fixed length control field 03422 a2200301 4500
005 - DATE AND TIME OF LATEST TRANSACTION
control field 20090420142627.0
008 - FIXED-LENGTH DATA ELEMENTS--GENERAL INFORMATION
fixed length control field 090306t xxu||||| |||| 00| 0 hin d
010 ## - LCCN (DPL NO)
LC control number B-286525-531
020 ## - INTERNATIONAL STANDARD BOOK NUMBER
International Standard Book Number 8189377124
Terms of availability 150.00
035 ## - SYSTEM CONTROL NUMBER
System control number B-317837
035 ## - SYSTEM CONTROL NUMBER
System control number B-286525-531
082 ## - DEWEY DECIMAL CLASSIFICATION NUMBER
Classification number 827
100 ## - MAIN ENTRY--PERSONAL NAME
Personal name गर्ग, के.एल.
245 ## - TITLE STATEMENT
Title आदमी और बूट /
Statement of responsibility, etc के.एल. गर्ग
260 ## - PUBLICATION, DISTRIBUTION, ETC. (IMPRINT)
Place of publication, distribution, etc दिल्ली
Name of publisher, distributor, etc एरागॉन पब्लिशर्स एड डिस्ट्रीब्यूटर्स
Date of publication, distribution, etc 2007
270 ## - ADDRESS
Address अपर ग्राउण्ड फ्लोर, 1376, कश्मीरी गेट
City दिल्ली
Postal code 110006
300 ## - PHYSICAL DESCRIPTION
Extent 120पृ
Dimensions 22 सेमी (सजिल्द)
942 ## - ADDED ENTRY ELEMENTS (KOHA)
Institution code [OBSOLETE] dpl
Item type Hindi Books
Call number prefix
Source of classification or shelving scheme Dewey Decimal Classification
Classification part 827
Call number suffix गर्गके
Holdings
Withdrawn status Lost status Source of classification or shelving scheme Damaged status Not for loan Collection code Home library Current library Date acquired Source of acquisition Cost, normal purchase price Total Checkouts Full call number Barcode Date last seen Copy number Cost, replacement price Koha item type
    Dewey Decimal Classification     Non-fiction Central Library Central Library 20/04/2009 एरागॉन पब्लिशर्स एड डिस्ट्रीब्यूटर्स/01/8.9.08/234/4.9.08/16.9.08 150.00   827 गर्गके B-286525 20/04/2009 1 150.00 Hindi Books
    Dewey Decimal Classification     Non-fiction Karol Bagh Karol Bagh 20/04/2009 एरागॉन पब्लिशर्स एड डिस्ट्रीब्यूटर्स/01/8.9.08/234/4.9.08/16.9.08 150.00   827 गर्गके B-286530 20/04/2009 1 150.00 Hindi Books
    Dewey Decimal Classification     Non-fiction Mobile Library Mobile Library 20/04/2009 एरागॉन पब्लिशर्स एड डिस्ट्रीब्यूटर्स/01/8.9.08/234/4.9.08/16.9.08 150.00   827 गर्गके B-286526 20/04/2009 2 150.00 Hindi Books
    Dewey Decimal Classification     Non-fiction Mobile Library Mobile Library 20/04/2009 एरागॉन पब्लिशर्स एड डिस्ट्रीब्यूटर्स/01/8.9.08/234/4.9.08/16.9.08 150.00   827 गर्गके B-286527 20/04/2009 2 150.00 Hindi Books
    Dewey Decimal Classification     Non-fiction Patel Nagar Patel Nagar 20/04/2009 एरागॉन पब्लिशर्स एड डिस्ट्रीब्यूटर्स/01/8.9.08/234/4.9.08/16.9.08 150.00   827 गर्गके B-286528 20/04/2009 1 150.00 Hindi Books
    Dewey Decimal Classification     Non-fiction Sarojini Nagar Sarojini Nagar 20/04/2009 एरागॉन पब्लिशर्स एड डिस्ट्रीब्यूटर्स/01/8.9.08/234/4.9.08/16.9.08 150.00   827 गर्गके B-286529 20/04/2009 1 150.00 Hindi Books
    Dewey Decimal Classification     Non-fiction Shahdara Branch Shahdara Branch 20/04/2009 एरागॉन पब्लिशर्स एड डिस्ट्रीब्यूटर्स/01/8.9.08/234/4.9.08/16.9.08 150.00   827 गर्गके B-286531 20/04/2009 1 150.00 Hindi Books
    Dewey Decimal Classification     Non-fiction Vinoba Puri Vinoba Puri 06/03/2009 dbad / dup 150.00 3 827 गर्गके B-317837 09/05/2014 1 150.00 Hindi Books

© Delhi Public Library
Hit Counter
free hit counter